Commonwealth Games Participants NOT Independent Countries - Statistics

General Stats
  • This quiz has been taken 54 times
  • The average score is 11 of 19
Answer Stats
Participating Nations Territory of... % Correct
Isle of Man United Kingdom
84%
Bermuda United Kingdom
77%
Gibraltar United Kingdom
77%
British V.I. United Kingdom
74%
Cook Islands New Zealand
74%
Guernsey United Kingdom
74%
Cayman Islands United Kingdom
72%
Falkland Islands United Kingdom
72%
Jersey United Kingdom
72%
Anguilla United Kingdom
67%
Niue New Zealand
67%
Montserrat United Kingdom
60%
Scotland(UK) United Kingdom
56%
Turks and Caicos Islands United Kingdom
56%
Norfolk Island Australia
49%
Saint Helena United Kingdom
47%
England(UK) United Kingdom
23%
Northern Ireland(UK) United Kingdom
23%
Wales(UK) United Kingdom
23%
No matching quizzes found
Score Distribution
Percent of People with Each Score
Percentile by Number Answered
Your Score History
You have not taken this quiz